Keadilan Dalam Islam

Bibliographic Details
Main Author: Rogayah Yusuf
Format: Book
Published: Kuala Lumpur : Penerbitan Hartamas , 2005
Series:Islam Cahaya Kebenaran
Subjects:

MARC

LEADER 00000cam a2200000 7i4500
001 0000069307
005 20100113.0
008 100113 bm
020 |a 9830341909 
090 0 0 |a 297.5 ROG 
100 1 |a Rogayah Yusuf 
245 1 0 |a Keadilan Dalam Islam   |c Rogayah Yusuf 
260 |a Kuala Lumpur :   |b Penerbitan Hartamas ,   |c 2005 
300 |a 54p. :   |b ill. ;   |c 21cm. 
440 0 |a Islam Cahaya Kebenaran 
650 0 0 |a Islam And Justice 
999 |a 0000073490   |b Buku   |c Rak Terbuka   |e Perbadanan Perpustakaan Awam Melaka 
999 |a 0000073491   |b Buku   |c Rak Terbuka   |e Perpustakaan Cawangan Masjid Tanah 
999 |a 0000073492   |b Buku   |c Rak Terbuka   |e Perpustakaan Cawangan Jasin 
999 |a 0000073493   |b Buku   |c Rak Terbuka   |e Perpustakaan Cawangan Merlimau 
999 |a 0000073494   |b Buku   |c Rak Terbuka   |e Perbadanan Perpustakaan Awam Melaka 
999 |a 0000073495   |b Buku   |c Rak Terbuka   |e Perbadanan Perpustakaan Awam Melaka 
999 |a 0000073496   |b Buku   |c Rak Terbuka   |e Perbadanan Perpustakaan Awam Melaka 
999 |a 0000073497   |b Buku   |c Rak Terbuka   |e Perpustakaan Sekolah Henrey Gurney 
999 |a 0000073499   |b Buku   |c Rak Terbuka   |e Perbadanan Perpustakaan Awam Melaka 
999 |a 0000081722   |b Buku   |c Rak Terbuka   |e Perbadanan Perpustakaan Awam Melaka 
999 |a 0000081723   |b Buku   |c Rak Terbuka   |e PK Aeon Jaya Jusco 
999 |a 0000081724   |b Buku   |c Rak Terbuka   |e Perbadanan Perpustakaan Awam Melaka 
999 |a 0000081725   |b Buku   |c Rak Terbuka   |e Perbadanan Perpustakaan Awam Melaka